Financovanie investičných projektov zo zahraničných úverových liniek

Na financovanie projektov sa využívajú vlastné a cudzie zdroje. Príspevok sa venuje financovaniu zo zahraničných úverových liniek (Nordická investičná banka, Kreditanstalt fur Wiederaufbau) a z medzinárodných finančných inštitúcií (Európska investičná banka, Európska banka pre obnovu a rozvoj).

Salvato in:
Dettagli Bibliografici
Autore principale: Vidová, Jarmila, 1967-
Natura: Capitolo di libro
Lingua:slovacco
Soggetti:
Tags: Aggiungi Tag
Nessun Tag, puoi essere il primo ad aggiungerne!!

MARC

LEADER 00000nla$a2200000$$$4500
001 0091636
005 20240502072025.4
041 0 |a slo 
044 |a SK 
245 1 0 |a Financovanie investičných projektov zo zahraničných úverových liniek  |c Jarmila Vidová 
520 |a Na financovanie projektov sa využívajú vlastné a cudzie zdroje. Príspevok sa venuje financovaniu zo zahraničných úverových liniek (Nordická investičná banka, Kreditanstalt fur Wiederaufbau) a z medzinárodných finančných inštitúcií (Európska investičná banka, Európska banka pre obnovu a rozvoj). 
610 2 0 |a projekty investičné 
610 2 0 |a financovanie projektové 
610 2 0 |a financovanie cudzie 
610 2 0 |a banky investičné 
610 2 0 |a banky medzinárodné 
100 1 |a Vidová, Jarmila, 1967-